MARC details
| 000 -CABECERA |
| campo de control de longitud fija |
01736nam a2200421 i 4500 |
| 003 - IDENTIFICADOR DEL NÚMERO DE CONTROL |
| campo de control |
DO-SdBNP |
| 005 - FECHA Y HORA DE LA ÚLTIMA TRANSACCIÓN |
| campo de control |
20240621111816.0 |
| 007 - CAMPO FIJO DE DESCRIPCIÓN FÍSICA--INFORMACIÓN GENERAL |
| campo de control de longitud fija |
ta |
| 008 - DATOS DE LONGITUD FIJA--INFORMACIÓN GENERAL |
| campo de control de longitud fija |
240621s2007 sp 000 j spa d |
| 020 ## - NÚMERO INTERNACIONAL ESTÁNDAR DEL LIBRO |
| Número Internacional Estándar del Libro |
978848012625X |
| 040 ## - FUENTE DE LA CATALOGACIÓN |
| Centro catalogador/agencia de origen |
DO-SdBNP |
| Lengua de catalogación |
spa |
| Centro/agencia transcriptor |
BNPHU |
| Normas de descripción |
rda |
| 082 ## - NÚMERO DE LA CLASIFICACIÓN DECIMAL DEWEY |
| Número de documento/Ítem |
D568 |
| Número de edición |
22 |
| 111 ## - ENTRADA PRINCIPAL--NOMBRE DE CONGRESO/REUNIÓN |
| Nombre de congreso/reunión o jurisdicción como elemento de entrada |
Congreso de Literatura Leonesa Actual |
| Número del congreso/reunión o número de parte o sección |
(2º. |
| Fecha del congreso/reunión |
2007. |
| Sede del congreso/Lugar de la reunión |
León) |
| 9 (RLIN) |
85728 |
| 245 13 - MENCIÓN DE TÍTULO |
| Título |
Diez nuevas voces de la poesía leonesa : |
| Resto del título |
2º Congreso de Literatura Leonesa Actual / |
| Mención de responsabilidad, etc. |
Víctor M. Díez, Ana Isabela Conejo, Bruno Marcos, Ángel Rojo, Pablo Moldes y otros ; coordinación Alfonso García, José Enrique Martínez, Nicolás Miñambres |
| 264 #1 - PRODUCCIÓN, PUBLICACIÓN, DISTRIBUCIÓN, FABRICACIÓN Y COPYRIGHT |
| Producción, publicación, distribución, fabricación y copyright |
Trobajo del Camino (León), España : |
| Nombre del de productor, editor, distribuidor, fabricante |
Edilesa, |
| Fecha de producción, publicación, distribución, fabricación o copyright |
2007. |
| 300 ## - DESCRIPCIÓN FÍSICA |
| Extensión |
203 páginas, |
| Dimensiones |
21 cm. |
| 336 ## - TIPO DE CONTENIDO |
| Fuente |
rdacontent |
| Término de tipo de contenido |
texto |
| Código de tipo de contenido |
txt |
| 337 ## - TIPO DE MEDIO |
| Fuente |
rdamedia |
| Nombre/término del tipo de medio |
sin mediación |
| Código del tipo de medio |
n |
| 338 ## - TIPO DE SOPORTE |
| Fuente |
rdacarrier |
| Nombre/término del tipo de soporte |
volumen |
| Código del tipo de soporte |
nc |
| 500 ## - NOTA GENERAL |
| Nota general |
En la portada "Diario de León". |
| 590 ## - NOTA LOCAL (RLIN) |
| Nota local |
Inventariado, 2024/ YL |
| 650 ## - PUNTO DE ACCESO ADICIONAL DE MATERIA--TÉRMINO DE MATERIA |
| Término de materia o nombre geográfico como elemento de entrada |
Poesía española |
| Subdivisión de forma |
Antologías |
| -- |
Congreso |
| Subdivisión cronológica |
Siglo 20º |
| 9 (RLIN) |
85729 |
| 700 1# - PUNTO DE ACCESO ADICIONAL--NOMBRE DE PERSONA |
| Nombre de persona |
Díez, Víctor M. |
| Término indicativo de función/relación |
textos |
| 9 (RLIN) |
85730 |
| 700 1# - PUNTO DE ACCESO ADICIONAL--NOMBRE DE PERSONA |
| Nombre de persona |
Conejo, Ana Isabela |
| Término indicativo de función/relación |
textos |
| 9 (RLIN) |
85731 |
| 700 1# - PUNTO DE ACCESO ADICIONAL--NOMBRE DE PERSONA |
| Nombre de persona |
Marcos, Bruno |
| Término indicativo de función/relación |
textos |
| 9 (RLIN) |
85732 |
| 700 1# - PUNTO DE ACCESO ADICIONAL--NOMBRE DE PERSONA |
| Nombre de persona |
Rojo, Ángel |
| Término indicativo de función/relación |
textos |
| 9 (RLIN) |
85733 |
| 700 1# - PUNTO DE ACCESO ADICIONAL--NOMBRE DE PERSONA |
| Nombre de persona |
Moldes, Pablo |
| Término indicativo de función/relación |
textos |
| 9 (RLIN) |
85734 |
| 700 1# - PUNTO DE ACCESO ADICIONAL--NOMBRE DE PERSONA |
| Nombre de persona |
Lanseros, Raquel |
| Término indicativo de función/relación |
textos |
| 9 (RLIN) |
85735 |
| 700 1# - PUNTO DE ACCESO ADICIONAL--NOMBRE DE PERSONA |
| Nombre de persona |
Artigue, Luis |
| Término indicativo de función/relación |
textos |
| 9 (RLIN) |
85736 |
| 700 1# - PUNTO DE ACCESO ADICIONAL--NOMBRE DE PERSONA |
| Nombre de persona |
Zayas, Silvia |
| Término indicativo de función/relación |
textos |
| 9 (RLIN) |
85737 |
| 700 1# - PUNTO DE ACCESO ADICIONAL--NOMBRE DE PERSONA |
| Nombre de persona |
Barragués, Susana |
| Término indicativo de función/relación |
textos |
| 9 (RLIN) |
85741 |
| 700 1# - PUNTO DE ACCESO ADICIONAL--NOMBRE DE PERSONA |
| Nombre de persona |
Abad, Ignacio |
| Término indicativo de función/relación |
textos |
| 9 (RLIN) |
85742 |
| 700 1# - PUNTO DE ACCESO ADICIONAL--NOMBRE DE PERSONA |
| Nombre de persona |
García, Alfonso |
| Término indicativo de función/relación |
coordinación |
| 9 (RLIN) |
85739 |
| 700 1# - PUNTO DE ACCESO ADICIONAL--NOMBRE DE PERSONA |
| Nombre de persona |
Martínez, José Enrique |
| Término indicativo de función/relación |
coordinación |
| 9 (RLIN) |
85738 |
| 700 1# - PUNTO DE ACCESO ADICIONAL--NOMBRE DE PERSONA |
| Nombre de persona |
Miñambres, Nicolás |
| Término indicativo de función/relación |
coordinación |
| 9 (RLIN) |
85740 |
| 910 ## - DATOS DE OPCIÓN DEL USUARIO (OCLC) |
| Datos de opción del usuario |
YLockward |
| 942 ## - ELEMENTOS DE PUNTO DE ACCESO ADICIONAL (KOHA) |
| Fuente del sistema de clasificación o colocación |
Dewey Decimal Classification |
| Tipo de ítem Koha |
Libro |